[Event "POL-chT IV GrB"]
[Site "Konin"]
[Date "2011.01.23"]
[Round "2"]
[White "Oleksy, Krzysztof"]
[Black "Struglinski, Zenon"]
[Result "1-0"]
[WhiteElo "1902"]
[BlackElo "1644"]
[PlyCount "52"]
[EventDate "2011.01.23"]
[EventType "team-tourn"]
[EventRounds "9"]
[EventCountry "POL"]
[SourceTitle "EXT 2019"]
[Source "ChessBase"]
[SourceDate "2018.10.10"]
[SourceVersion "1"]
[SourceVersionDate "2018.10.10"]
[SourceQuality "1"]
[WhiteTeam "Turek Tecza"]
[BlackTeam "Konin Hetman III"]
[WhiteTeamCountry "POL"]
[BlackTeamCountry "POL"]

1. e4 e5 2. d4 exd4 3. c3 Nc6 4. cxd4 Bb4+ 5. Nc3 d6 6. Bc4 a6 7. Nf3 Nge7 8. h3 0-0 9. 0-0 Ba5 10. Bg5 Bb6 11. Nd5 Ba7 12. e5 Be6 13. Nxe7+ Nxe7 14. Bxe6 fxe6 15. Qb3 Qd7 16. Qxb7 Rfb8 17. Qe4 d5 18. Qc2 Nf5 19. Be3 Nxe3 20. fxe3 Qe7 21. h4 c5 22. Ng5 g6 23. Rf7 Qe8 24. Rxh7 cxd4 25. Rf7 Qxf7 26. Nxf7 Kxf7 1-0